000 00293nam a22001337a 4500
008 170524b xxu||||| |||| 00| 0 eng d
020 _a0070199027
041 _aeng
080 _a62
100 _a26
101 _aIM
245 _aSOFTWARE ENGINEERING CONCEPTS
_cFAIRLEY,R
942 _2udc
_cBK
999 _c13991
_d13991